TV Debuts: 2003 Quiz Stats

 Plays Quiz Updated Dec 17, 2018

Support Sporcle.
Go Orange.
Score 0/20 Timer 04:00
1 Play Today
% Correct
Two and a Half Men
91.7%
Mythbusters
77%
Punk'd
74.6%
NCIS
72.8%
That's So Raven
66.5%
The O.C.
61.5%
Reno 911!
59.9%
Queer Eye for the Straight Guy
56.2%
Arrested Development
55.9%
Nip/Tuck
52.2%
% Correct
One Tree Hill
44.9%
Cold Case
39.4%
Chappelle's Show
35.4%
Joe Millionaire
23.9%
Viva La Bam
21.8%
Joan of Arcadia
21.5%
Tru Calling
13.7%
Dead Like Me
13.5%
Venture Bros.
11.4%
Carnivale
1.6%

From the Vault

Let's Call It a Day!

by 1447

Language 15m
You never know when you'll have to say Thursday in Welsh.
Remove Ads.
Support Sporcle.
Get the best of Sporcle when you Go Orange. This ad-free experience offers more features, more stats, and more fun while also helping to support Sporcle. Thank you for becoming a member.

Show Comments

Extras

Top Quizzes Today


Score Distribution

Your Account Isn't Verified!

In order to create a playlist on Sporcle, you need to verify the email address you used during registration. Go to your Sporcle Settings to finish the process.

Report this User

Report this user for behavior that violates our Community Guidelines.

Details: